Language Quiz

Random Language or Blitz Quiz

3x3 Word Blitz II Quiz Stats

 Plays Quiz Updated Jul 9, 2014

Support Sporcle.
Go Orange.
Score 0/27 Timer 01:00
1 Play Today
% Correct
pot
99.1%
top
99%
now
98.1%
won
97.7%
rat
96.9%
tar
96.5%
mar
95.9%
ram
95.6%
tap
95.1%
own
94.9%
pat
94.8%
opt
94.6%
arm
93.5%
art
93.3%
% Correct
apt
90.4%
are
90%
sit
89.1%
ear
85.9%
lap
83.2%
tis
81.5%
pal
79.8%
alp
78.6%
its
77.8%
wan
77.6%
naw
74.3%
era
72.3%
awn
70.1%

From the Vault

Pokémon (Gen IV)

by Ben

Gaming 12m
With this quiz, we now bring the total of Pokémon species to 493, which is only slightly less than the number of species of animals on the planet.
Remove Ads.
Support Sporcle.
Get the best of Sporcle when you Go Orange. This ad-free experience offers more features, more stats, and more fun while also helping to support Sporcle. Thank you for becoming a member.

Show Comments

Extras

Top Quizzes Today


Score Distribution

Your Account Isn't Verified!

In order to create a playlist on Sporcle, you need to verify the email address you used during registration. Go to your Sporcle Settings to finish the process.

Report this User

Report this user for behavior that violates our Community Guidelines.

Details: